Quick Pick: Real Composers Quiz Stats

 Plays Quiz Updated Feb 3, 2018

Challenge
Share
Tweet
Embed
Score 0/11 Timer 01:30
1 Play Today
% Correct
Johann Sebastian Bach
93.8%
Giacomo Puccini
86.6%
Edvard Grieg
83%
Arnold Schönberg
77.2%
Alexander Borodin
73.6%
Clara Schumann
70.3%
Benjamin Britten
69.4%
Tomaso Albinoni
64.3%
César Franck
61.7%
Isaac Albéniz
58.5%
Max Bruch
58.3%

Today's Daily Dose

Word Ladder
Homophones Ate

Quick Pick
RGB Colors

On This Day
August 18th II

You're not logged in!

Compare scores with friends on all Sporcle quizzes.
Join for Free
OR
Log In

You Might Also Like...

Show Comments

Extras

Top Quizzes Today


Score Distribution

Your Account Isn't Verified!

In order to create a playlist on Sporcle, you need to verify the email address you used during registration. Go to your Sporcle Settings to finish the process.

Report this User

Report this user for behavior that violates our Community Guidelines.

Details: